[Event "59th Hoogovens it"]
[Site "Wijk aan Zee NED"]
[Date "1997.01.28"]
[Round "9"]
[White "Glek, Igor"]
[Black "Short, Nigel David"]
[Result "0-1"]
[WhiteElo "2620"]
[BlackElo "2690"]
[EventDate "1997.01.18"]
[PlyCount "84"]

1. e4 c5 2. Nf3 d6 3. d4 cxd4 4. Nxd4 Nf6 5. Nc3 a6 6. Be2 g6 7. Be3 Bg7 8. Qd2 O-O 9. O-O-O Bd7 10. Bh6 Nc6 11. Nxc6 Bxc6 12. h4 Qa5 13. f3 Rfc8 14. Bxg7 Kxg7 15. h5 g5 16. h6+ Kf8 17. Bc4 Qe5 18. Bb3 b5 19. Nd5 Bxd5 20. exd5 Rc5 21. g4 Nd7 22. Kb1 a5 23. c3 a4 24. Bc2 Nf6 25. f4 gxf4 26. g5 Nxd5 27. Qd3 a3 28. Qxh7 axb2 29. Rxd5 Rxd5 30. g6 fxg6 31. Qxg6 Qg5 32. Qe4 Kf7 33. Bb3 e6 34. Bxd5 exd5 35. Qf3 Qe5 36. Rh5 Qe1+ 37. Kxb2 Qd2+ 38. Kb1 Qxa2+ 39. Kc1 Qa1+ 40. Kc2 Ra2+ 41. Kd3 Qb1+ 42. Kd4 Rd2+ {An elegant finish.} 0-1

[Event "59th Hoogovens it"]
[Site "Wijk aan Zee NED"]
[Date "1997.01.28"]
[Round "9"]
[White "Nikolic, Predrag"]
[Black "Illescas Cordoba, Miguel"]
[Result "1/2-1/2"]
[WhiteElo "2655"]
[BlackElo "2635"]
[EventDate "1997.01.18"]
[PlyCount "172"]

1. d4 d5 2. c4 c6 3. Nc3 Nf6 4. Nf3 a6 5. e3 b5 6. b3 Bg4 7. Be2 Nbd7 8. h3 Bf5 9. Nh4 Ne4 10. Nxd5 cxd5 11. Nxf5 e6 12. Ng3 Bb4+ 13. Kf1 Nxg3+ 14. fxg3 O-O 15. Bf3 bxc4 16. bxc4 Rb8 17. cxd5 exd5 18. Rb1 Qa5 19. Qe2 Nf6 20. Kg1 Bd6 21. Rxb8 Rxb8 22. Kh2 Qc7 23. Rf1 Bxg3+ 24. Kg1 a5 25. Qd3 Re8 26. Bd2 a4 27. Rc1 Qd7 28. Qa6 h5 29. Qc6 Qxc6 30. Rxc6 Rb8 31. Bc1 Rb1 32. Kf1 Ra1 33. Rc2 g5 34. Bd1 Kg7 35. a3 Ne4 36. Ke2 Bd6 37. Bb2 Ra2 38. Bc1 Ra1 39. Bb2 Rb1 40. Bc1 Rb3 41. Rc6 Nc3+ 42. Kd2 Nxd1 43. Rxd6 Nxe3 44. Ke2 Nxg2 45. Bxg5 Rxa3 46. Rxd5 Rxh3 47. Ra5 Rg3 48. Kf2 Rg4 49. Bd2 h4 50. Rxa4 h3 51. Bc3 Kg6 52. Ra6+ Kf5 53. d5 h2 54. Ra1 Nf4 55. Rh1 Rg2+ 56. Kf3 Ra2 57. Bb4 Rb2 58. Bd6 Rb3+ 59. Kf2 Kg4 60. Rxh2 Rb2+ 61. Kg1 Rb1+ 62. Kf2 Nxd5 63. Rg2+ Kf5 64. Rg8 Rb6 65. Rd8 Nf6 66. Bc7 Rb2+ 67. Ke3 Rb3+ 68. Ke2 Rb7 69. Bb8 Ke4 70. Bh2 Rb2+ 71. Rd2 Rb3 72. Ra2 Nd5 73. Ra4+ Kf5 74. Ra5 Ke6 75. Ra6+ Ke7 76. Ra7+ Kf8 77. Ra5 Nf6 78. Bd6+ Kg8 79. Ra3 Rb2+ 80. Kf3 Rb5 81. Ra1 Rf5+ 82. Ke3 Ng4+ 83. Ke4 Rf2 84. Ra5 f6 85. Rf5 Ra2 86. Kf3 Ra4 1/2-1/2

[Event "59th Hoogovens it"]
[Site "Wijk aan Zee NED"]
[Date "1997.01.28"]
[Round "9"]
[White "Salov, Valery"]
[Black "Onischuk, Alexander"]
[Result "1/2-1/2"]
[WhiteElo "2665"]
[BlackElo "2580"]
[EventDate "1997.01.18"]
[PlyCount "56"]

1. Nf3 f5 2. d4 Nf6 3. g3 g6 4. Bg2 Bg7 5. c4 O-O 6. O-O d6 7. Nc3 c6 8. b3 Na6 9. Re1 Ne4 10. Bb2 Qe8 11. Qb1 Nxc3 12. Bxc3 Nc5 13. Nd2 Nd7 14. b4 e5 15. dxe5 Bxe5 16. Qb2 Nf6 17. Rad1 Bxc3 18. Qxc3 Qf7 19. b5 Bd7 20. a4 a6 21. Qd3 axb5 22. axb5 Rad8 23. Qxd6 cxb5 24. Qb4 bxc4 25. Nxc4 Bc6 26. Nd6 Qe6 27. Nxb7 Rxd1 28. Rxd1 Bxb7 1/2-1/2

[Event "59th Hoogovens it"]
[Site "Wijk aan Zee NED"]
[Date "1997.01.28"]
[Round "9"]
[White "Timman, Jan"]
[Black "Sokolov, Ivan"]
[Result "0-1"]
[WhiteElo "2630"]
[BlackElo "2615"]
[EventDate "1997.01.18"]
[PlyCount "58"]

1. e4 c5 2. Nf3 e6 3. d4 cxd4 4. Nxd4 a6 5. Bd3 Bc5 6. Nb3 Ba7 7. Qe2 d6 8. Be3 Bxe3 9. Qxe3 Nf6 10. Nc3 b5 11. O-O-O Nbd7 12. Qg3 b4 13. Nb1 Qc7 14. Qxg7 Rg8 15. Qh6 Bb7 16. N1d2 Rxg2 17. Rhg1 Rg6 18. Rxg6 hxg6 19. Nc4 d5 20. exd5 Bxd5 21. Ne3 Bb7 22. Qh8+ Ke7 23. Qh4 a5 24. Bb5 Ne5 25. Qd4 Bf3 26. Re1 Ne4 27. Nxa5 Rxa5 28. Qxb4+ Nd6 29. a4 Rxb5 {Und WeiĂź gab auf, denn nach 30.axb5 gewinnt î€¨d3 die Dame.Ribli.} 0-1

[Event "59th Hoogovens it"]
[Site "Wijk aan Zee NED"]
[Date "1997.01.30"]
[Round "10"]
[White "Kortschnoj, Viktor"]
[Black "Timman, Jan"]
[Result "1/2-1/2"]
[WhiteElo "2635"]
[BlackElo "2630"]
[EventDate "1997.01.18"]
[PlyCount "130"]

1. d4 d5 2. c4 c6 3. Nf3 Nf6 4. Nc3 e6 5. Bg5 h6 6. Bh4 dxc4 7. e4 g5 8. Bg3 b5 9. Be2 b4 10. Na4 Nxe4 11. Bxc4 Nxg3 12. hxg3 Nd7 13. O-O Bg7 14. Re1 O-O 15. Rc1 Bb7 16. Bd3 c5 17. dxc5 Bc6 18. Be4 Qc7 19. Bxc6 Qxc6 20. Re2 g4 21. Rd2 Nf6 22. Ne5 Qb5 23. Nd7 Ne4 24. Rd3 Rfc8 25. a3 bxa3 26. Rxa3 Rc7 27. Rd3 Kh8 28. b3 f5 29. Rc4 Re8 30. f3 gxf3 31. gxf3 Nxg3 32. Kf2 Nh5 33. Nc3 Qb7 34. Rd6 Rc6 35. Rd3 Qc7 36. Rd6 Rd8 37. Rxc6 Qxc6 38. Ne5 Rxd1 39. Nxc6 Rd7 40. Na5 Bd4+ 41. Kf1 Bxc3 42. Rxc3 Nf4 43. c6 Rc7 44. Rc4 Nd5 45. Ke2 Kg7 46. Kd3 Kf6 47. Kd4 h5 48. Kc5 Rh7 49. Rh4 Kg5 50. Rh3 Kf4 51. Nc4 h4 52. Kd6 Nc7 53. b4 Nb5+ 54. Kxe6 Nd4+ 55. Kd5 Nxf3 56. Nd6 Kg4 57. Rh1 h3 58. Nb5 a6 59. c7 Rh8 60. Nd6 h2 61. c8=Q Rxc8 62. Nxc8 Kg3 63. Ne7 f4 64. Ng6 Kg2 65. Ra1 Kg3 1/2-1/2

[Event "59th Hoogovens it"]
[Site "Wijk aan Zee NED"]
[Date "1997.01.30"]
[Round "10"]
[White "Lautier, Joel"]
[Black "Illescas Cordoba, Miguel"]
[Result "1/2-1/2"]
[WhiteElo "2630"]
[BlackElo "2635"]
[EventDate "1997.01.18"]
[PlyCount "45"]

1. d4 Nf6 2. c4 g6 3. Nc3 d5 4. cxd5 Nxd5 5. e4 Nxc3 6. bxc3 Bg7 7. Nf3 c5 8. Rb1 O-O 9. Be2 cxd4 10. cxd4 Qa5+ 11. Bd2 Qxa2 12. O-O Bg4 13. Bg5 h6 14. Be3 Nc6 15. d5 Ne5 16. Rxb7 e6 17. d6 Rfd8 18. Re1 Bxf3 19. gxf3 Qa5 20. Bd2 Qa2 21. Be3 Qa5 22. Bd2 Qa2 23. Be3 1/2-1/2

[Event "59th Hoogovens it"]
[Site "Wijk aan Zee NED"]
[Date "1997.01.30"]
[Round "10"]
[White "Onischuk, Alexander"]
[Black "Nikolic, Predrag"]
[Result "1/2-1/2"]
[WhiteElo "2580"]
[BlackElo "2655"]
[EventDate "1997.01.18"]
[PlyCount "61"]

1. e4 e6 2. d4 d5 3. Nd2 c5 4. exd5 exd5 5. Ngf3 a6 6. Be2 c4 7. O-O Bd6 8. b3 b5 9. c3 Nf6 10. a4 Bb7 11. Ne5 O-O 12. f4 Qc7 13. bxc4 dxc4 14. Qc2 Nc6 15. Rb1 Na7 16. Bf3 Rab8 17. axb5 axb5 18. Ra1 Nc8 19. Ne4 Bxe4 20. Bxe4 Nxe4 21. Qxe4 Ne7 22. Ra6 Rfd8 23. f5 Qb7 24. Qxb7 Rxb7 25. Nc6 Nxc6 26. Rxc6 Be7 27. Re1 h6 28. Bf4 b4 29. Rb1 Rbd7 30. f6 gxf6 31. Rxc4 1/2-1/2

[Event "59th Hoogovens it"]
[Site "Wijk aan Zee NED"]
[Date "1997.01.30"]
[Round "10"]
[White "Short, Nigel David"]
[Black "Yermolinsky, Alexander"]
[Result "1/2-1/2"]
[WhiteElo "2690"]
[BlackElo "2630"]
[EventDate "1997.01.18"]
[PlyCount "163"]

1. e4 c5 2. Nf3 d6 3. d4 cxd4 4. Nxd4 Nf6 5. Nc3 Nc6 6. Bg5 e6 7. Qd2 a6 8. O-O-O Nxd4 9. Qxd4 Be7 10. f4 b5 11. Bxf6 gxf6 12. Be2 Qc7 13. f5 Qc5 14. fxe6 fxe6 15. Qxc5 dxc5 16. Bh5+ Kf8 17. e5 f5 18. g4 Ra7 19. gxf5 exf5 20. Nd5 Bg5+ 21. Kb1 Be6 22. Rhg1 Rg8 23. Nf4 Bxf4 24. Rd8+ Ke7 25. Rdxg8 Bxg8 26. Rg7+ Ke6 27. Rxa7 Kxe5 28. h3 h6 29. Rxa6 Be3 30. Be2 b4 31. a4 Bd5 32. a5 c4 33. Bf1 b3 34. cxb3 Be4+ 35. Ka1 Bd3 36. Bxd3 cxd3 37. Ra8 Ke4 38. Kb1 Kf3 39. a6 Ke2 40. a7 d2 41. Re8 d1=Q+ 42. Ka2 Qd5 43. a8=Q Qxa8+ 44. Rxa8 f4 45. h4 f3 46. h5 f2 47. Rf8 Bc5 48. Rf5 Bb4 49. Kb1 f1=Q+ 50. Rxf1 Kxf1 51. Kc2 Ke2 52. Kc1 Kd3 53. Kd1 Bd2 54. b4 Bxb4 55. Kc1 Bd2+ 56. Kd1 Ba5 57. b4 Bxb4 58. Kc1 Ke2 59. Kc2 Bd2 60. Kb3 Kd1 61. Kb2 Ba5 62. Kb3 Kd2 63. Kb2 Bc3+ 64. Kb3 Bg7 65. Ka3 Kc2 66. Ka2 Bh8 67. Ka3 Kb1 68. Kb3 Bb2 69. Kc4 Kc2 70. Kb4 Bc1 71. Kc4 Be3 72. Kb4 Bc1 73. Kc4 Bg5 74. Kb4 Be7+ 75. Kc4 Bf6 76. Kb4 Bb2 77. Kc4 Bc3 78. Kb5 Kd3 79. Ka4 Bd4 80. Kb4 Bf2 81. Kb3 Bc5 82. Kb2 1/2-1/2

[Event "59th Hoogovens it"]
[Site "Wijk aan Zee NED"]
[Date "1997.01.30"]
[Round "10"]
[White "Sokolov, Ivan"]
[Black "Glek, Igor"]
[Result "1/2-1/2"]
[WhiteElo "2615"]
[BlackElo "2620"]
[EventDate "1997.01.18"]
[PlyCount "80"]

1. d4 Nf6 2. c4 g6 3. Nc3 Bg7 4. e4 d6 5. Nf3 O-O 6. Be2 e5 7. O-O Nc6 8. d5 Ne7 9. b4 Nh5 10. Re1 Nf4 11. Bf1 a5 12. bxa5 Rxa5 13. a4 c5 14. Rb1 h6 15. Nd2 Ra6 16. Nb3 g5 17. a5 f5 18. g3 Nfg6 19. exf5 Nxf5 20. Bd3 e4 21. Nxe4 Ne5 22. f4 gxf4 23. Bxf4 Nh4 24. Be2 Nhg6 25. Be3 Rf7 26. Rf1 Bf5 27. Nbd2 Rxa5 28. Rxf5 Rxf5 29. Bg4 Ne7 30. Rxb7 Ra1 31. Qxa1 Nf3+ 32. Nxf3 Bxa1 33. Bxh6 Rxf3 34. Bxf3 Nf5 35. Bf4 Qa8 36. Rd7 Qa2 37. Rd8+ Kg7 38. Rd7+ Kg8 39. Rd8+ Kg7 40. Rd7+ Kg8 1/2-1/2

[Event "59th Hoogovens it"]
[Site "Wijk aan Zee NED"]
[Date "1997.01.30"]
[Round "10"]
[White "Van Wely, Loek"]
[Black "Salov, Valery"]
[Result "0-1"]
[WhiteElo "2645"]
[BlackElo "2665"]
[EventDate "1997.01.18"]
[PlyCount "138"]

1. c4 c5 2. Nc3 Nf6 3. g3 d5 4. cxd5 Nxd5 5. Bg2 Nc7 6. Nf3 Nc6 7. O-O e5 8. d3 Be7 9. Nd2 O-O 10. Bxc6 bxc6 11. Nc4 f6 12. Be3 Bh3 13. Re1 Nd5 14. Rc1 Rb8 15. Qd2 Be6 16. b3 Nxe3 17. Qxe3 Qd4 18. Na4 Bd5 19. Red1 Rfd8 20. Rc3 h5 21. Rdc1 h4 22. Nd2 Rb5 23. Nf3 Qxe3 24. fxe3 hxg3 25. hxg3 e4 26. dxe4 Bxe4 27. Nxc5 Bxf3 28. exf3 Rd2 29. a4 Rb8 30. Nd3 Ba3 31. Rb1 Rd8 32. Nf2 c5 33. Kf1 Ra2 34. Nd3 Bb4 35. Nxb4 cxb4 36. Rc4 Rdd2 37. Rxb4 Rf2+ 38. Kg1 Rxf3 39. g4 Rxe3 40. Rf1 a5 41. Rb8+ Kf7 42. Rb7+ Kg6 43. Rf2 Ra3 44. g5 Rexb3 45. Rxb3 Rxb3 46. gxf6 gxf6 47. Kg2 Rb4 48. Ra2 Kg5 49. Ra3 f5 50. Kf3 Re4 51. Ra1 Rh4 52. Kg3 Rb4 53. Ra3 Kf6 54. Kf3 Ke5 55. Re3+ Re4 56. Ra3 Kd5 57. Kf2 Kc4 58. Rf3 f4 59. Ra3 Kb4 60. Ra1 Re3 61. Rd1 Rc3 62. Re1 Kxa4 63. Re4+ Kb3 64. Rxf4 a4 65. Rf8 a3 66. Ke2 a2 67. Rb8+ Kc2 68. Ra8 Kb2 69. Kd2 Rb3 {WeiĂź gab in dieser hoffnungslosen Stellung auf. Ribli.} 0-1

[Event "59th Hoogovens it"]
[Site "Wijk aan Zee NED"]
[Date "1997.01.31"]
[Round "11"]
[White "Glek, Igor"]
[Black "Kortschnoj, Viktor"]
[Result "1/2-1/2"]
[WhiteElo "2620"]
[BlackElo "2635"]
[EventDate "1997.01.18"]
[PlyCount "151"]

1. e4 e5 2. Nf3 Nc6 3. Nc3 Nf6 4. g3 Bb4 5. Bg2 Bxc3 6. bxc3 Nxe4 7. Nxe5 Nxe5 8. Bxe4 d5 9. Bg2 O-O 10. O-O Re8 11. d3 c6 12. h3 f6 13. a4 Be6 14. a5 Qd7 15. Kh2 Nf7 16. Bf4 Nd6 17. Qb1 Nb5 18. Qb2 Rac8 19. Rfb1 Re7 20. Qb4 Rd8 21. c4 dxc4 22. dxc4 Nd4 23. Rd1 Qe8 24. Qb2 c5 25. c3 Nf5 26. Qc2 g5 27. Rxd8 Qxd8 28. Bc1 Nd6 29. Be3 Qc7 30. h4 Nxc4 31. hxg5 Nxe3 32. fxe3 fxg5 33. Rb1 Qe5 34. Rxb7 Rxb7 35. Bxb7 Qxe3 36. Bg2 c4 37. Qd1 Bf7 38. Qd8+ Kg7 39. Qc7 h5 40. a6 h4 41. gxh4 gxh4 42. Qd7 Qf2 43. Qd6 Qf6 44. Qd7 Qxa6 45. Qg4+ Kf8 46. Qxh4 Qd6+ 47. Kg1 a5 48. Qe4 a4 49. Qa8+ Be8 50. Qf3+ Ke7 51. Qe4+ Qe6 52. Qh4+ Kd6 53. Qd4+ Kc7 54. Qa7+ Kd8 55. Qa5+ Ke7 56. Qc5+ Qd6 57. Qxc4 a3 58. Qh4+ Kd7 59. Qa4+ Kd8 60. Qa5+ Ke7 61. Bd5 Kf6 62. Qa8 Bf7 63. Qh8+ Kg6 64. Bxf7+ Kxf7 65. Qh7+ Ke8 66. Qg8+ Kd7 67. Qg4+ Kc7 68. Qc4+ Kb6 69. Qb3+ Ka7 70. Kf1 Qf4+ 71. Ke2 Qh2+ 72. Kd3 a2 73. Qa3+ Kb6 74. Kc4 Qg1 75. Qd6+ Kb7 76. Qd7+ 1/2-1/2

[Event "59th Hoogovens it"]
[Site "Wijk aan Zee NED"]
[Date "1997.01.31"]
[Round "11"]
[White "Illescas Cordoba, Miguel"]
[Black "Onischuk, Alexander"]
[Result "1-0"]
[WhiteElo "2635"]
[BlackElo "2580"]
[EventDate "1997.01.18"]
[PlyCount "77"]

1. Nf3 Nf6 2. c4 e6 3. g3 d5 4. d4 dxc4 5. Qa4+ Nbd7 6. Bg2 a6 7. Qxc4 b5 8. Qc6 Rb8 9. Bf4 Nd5 10. Bg5 Be7 11. Bxe7 Qxe7 12. Nc3 Nb4 13. Qxc7 Nc2+ 14. Kd1 Nxa1 15. Ne5 Qd8 16. Qxd8+ Kxd8 17. Nc6+ Kc7 18. Nxb8 Nxb8 19. Kd2 Rd8 20. e3 e5 21. d5 f5 22. Rxa1 e4 23. Rc1 Kd6 24. f3 exf3 25. Bxf3 Nd7 26. Be2 Ne5 27. a3 Bd7 28. e4 Rb8 29. b4 Re8 30. Ke3 Nf7 31. Kd4 Ng5 32. exf5 Bxf5 33. g4 Bg6 34. h4 Ne4 35. Nxb5+ axb5 36. Rc6+ Ke7 37. Re6+ Kd8 38. Rxe8+ Kxe8 39. h5 1-0

[Event "59th Hoogovens it"]
[Site "Wijk aan Zee NED"]
[Date "1997.01.31"]
[Round "11"]
[White "Salov, Valery"]
[Black "Short, Nigel David"]
[Result "1/2-1/2"]
[WhiteElo "2665"]
[BlackElo "2690"]
[EventDate "1997.01.18"]
[PlyCount "74"]

1. d4 d5 2. c4 c6 3. Nc3 Nf6 4. cxd5 cxd5 5. Bf4 Nc6 6. e3 a6 7. Bd3 Bg4 8. Nge2 e6 9. Rc1 Bd6 10. Qd2 Bxe2 11. Nxe2 O-O 12. O-O Re8 13. h3 g6 14. Rfd1 Bxf4 15. Nxf4 Qd6 16. a3 Rad8 17. Bb1 Re7 18. Nd3 Ne4 19. Qe1 Rc7 20. b4 Qe7 21. Ba2 Nd6 22. a4 b6 23. Rc3 Rdc8 24. Rdc1 Ne4 25. R3c2 a5 26. b5 Nb8 27. Rxc7 Rxc7 28. Bb1 Qd8 29. Ne5 Nd6 30. Bd3 Qc8 31. Rxc7 Qxc7 32. e4 dxe4 33. Bxe4 Nd7 34. Nc6 Nxe4 35. Qxe4 Nf6 36. Qf3 Nd5 37. g3 Kg7 1/2-1/2

[Event "59th Hoogovens it"]
[Site "Wijk aan Zee NED"]
[Date "1997.01.31"]
[Round "11"]
[White "Timman, Jan"]
[Black "Piket, Jeroen"]
[Result "1/2-1/2"]
[WhiteElo "2630"]
[BlackElo "2640"]
[EventDate "1997.01.18"]
[PlyCount "44"]

1. c4 g6 2. d4 Bg7 3. e4 d6 4. Nc3 Nf6 5. Nf3 O-O 6. Be2 e5 7. O-O Nc6 8. d5 Ne7 9. b4 Nh5 10. Re1 a5 11. bxa5 Rxa5 12. Rb1 b6 13. Nd2 Nf4 14. Bf1 f5 15. g3 Nh5 16. exf5 Bxf5 17. Rb5 Rxb5 18. cxb5 Nf6 19. Nde4 Nxe4 20. Nxe4 Kh8 21. a4 Ng8 22. f4 Bxe4 1/2-1/2

[Event "59th Hoogovens it"]
[Site "Wijk aan Zee NED"]
[Date "1997.01.31"]
[Round "11"]
[White "Yermolinsky, Alexander"]
[Black "Sokolov, Ivan"]
[Result "1/2-1/2"]
[WhiteElo "2630"]
[BlackElo "2615"]
[EventDate "1997.01.18"]
[PlyCount "74"]

1. d4 d5 2. c4 c6 3. Nf3 Nf6 4. Nc3 e6 5. Bg5 h6 6. Bxf6 Qxf6 7. g3 Nd7 8. Bg2 dxc4 9. O-O Qd8 10. e3 Bd6 11. Qe2 O-O 12. Rfd1 Qe7 13. Qxc4 e5 14. d5 Nb6 15. Qh4 cxd5 16. Qxe7 Bxe7 17. Nxe5 Bf6 18. f4 Bxe5 19. fxe5 Be6 20. Nxd5 Nxd5 21. Bxd5 Bxd5 22. Rxd5 Rad8 23. Rd4 b6 24. Rad1 Rde8 25. Rd5 Re7 26. Kf2 Rfe8 27. Kf3 Rxe5 28. Rxe5 Rxe5 29. Rd8+ Kh7 30. Rd7 Ra5 31. a3 Kg6 32. h4 Kf6 33. g4 Rb5 34. Rxa7 Rxb2 35. a4 Rb4 36. a5 bxa5 37. Rxa5 Rc4 1/2-1/2

[Event "59th Hoogovens it"]
[Site "Wijk aan Zee NED"]
[Date "1997.02.01"]
[Round "12"]
[White "Kortschnoj, Viktor"]
[Black "Yermolinsky, Alexander"]
[Result "1/2-1/2"]
[WhiteElo "2635"]
[BlackElo "2630"]
[EventDate "1997.01.18"]
[PlyCount "55"]

1. c4 c5 2. Nf3 Nf6 3. Nc3 e6 4. g3 b6 5. Bg2 Bb7 6. O-O Be7 7. d4 cxd4 8. Qxd4 d6 9. Rd1 a6 10. Bg5 Nbd7 11. Nd2 Bxg2 12. Kxg2 Rc8 13. Nde4 Rc6 14. Nxf6+ Bxf6 15. Bxf6 Nxf6 16. Ne4 Nxe4 17. Qxe4 Qc7 18. b3 b5 19. cxb5 axb5 20. Qb4 Qb6 21. Rd2 O-O 22. e4 g6 23. Rad1 Qc5 24. Qxc5 dxc5 25. Kf3 c4 26. bxc4 Rxc4 27. Rb1 b4 28. Rdb2 1/2-1/2

[Event "59th Hoogovens it"]
[Site "Wijk aan Zee NED"]
[Date "1997.02.01"]
[Round "12"]
[White "Lautier, Joel"]
[Black "Onischuk, Alexander"]
[Result "0-1"]
[WhiteElo "2630"]
[BlackElo "2580"]
[EventDate "1997.01.18"]
[PlyCount "98"]

1. d4 Nf6 2. c4 e6 3. Nf3 b6 4. a3 Ba6 5. Qc2 c5 6. d5 exd5 7. cxd5 g6 8. Nc3 Bg7 9. g3 O-O 10. Bg2 d6 11. O-O Nbd7 12. Re1 Re8 13. h3 b5 14. e4 Rc8 15. Bf4 Nb6 16. Bf1 c4 17. Rad1 Qd7 18. Bg2 Bb7 19. Be3 Na4 20. Nxa4 bxa4 21. Nd4 Re7 22. Nc6 Bxc6 23. dxc6 Rxc6 24. Bf4 Nh5 25. e5 Nxf4 26. gxf4 Rb6 27. Qxc4 Qe8 28. Rd5 dxe5 29. Rc5 exf4 30. Rxe7 Qxe7 31. Rc7 Qe1+ 32. Kh2 Re6 33. Rc8+ Re8 34. Rxe8+ Qxe8 35. b4 Qe5 36. Bf3 Qb2 37. Qc8+ Bf8 38. Kg2 Qxa3 39. b5 Qe7 40. Qc4 Qg5+ 41. Kf1 a3 42. Bd5 Qf5 43. Kg2 Bd6 44. Bf3 Qc5 45. Qb3 Qd4 46. Bd5 Bc5 47. Qa2 Kg7 48. Kf3 f5 49. Kg2 Qb2 0-1

[Event "59th Hoogovens it"]
[Site "Wijk aan Zee NED"]
[Date "1997.02.01"]
[Round "12"]
[White "Piket, Jeroen"]
[Black "Glek, Igor"]
[Result "1/2-1/2"]
[WhiteElo "2640"]
[BlackElo "2620"]
[EventDate "1997.01.18"]
[PlyCount "112"]

1. d4 d6 2. e4 Nf6 3. Nc3 g6 4. Be3 c6 5. h3 Bg7 6. a4 O-O 7. a5 d5 8. e5 Ne4 9. Nxe4 dxe4 10. Bc4 c5 11. dxc5 Qc7 12. e6 f5 13. c3 f4 14. Bd4 Nc6 15. Ra4 Rd8 16. Ba2 Ne5 17. Qc2 Nd3+ 18. Kf1 Qc6 19. Ne2 Nxb2 20. Qxb2 Qxa4 21. Bb3 Qxa5 22. Nxf4 Rf8 23. g3 Bh6 24. Nd5 Qd8 25. Kg2 Bxe6 26. Nc7 Bf7 27. Nxa8 Qxa8 28. Qa2 b6 29. cxb6 e3+ 30. Kh2 e5 31. Bxe5 exf2 32. Rf1 Be3 33. Bxf7+ Rxf7 34. Bd4 Bxd4 35. cxd4 Qb7 36. bxa7 Qxa7 37. Rxf2 Qxa2 38. Rxa2 Rf3 39. Ra7 Rd3 40. Rd7 Rd2+ 41. Kg1 h5 42. h4 Kf8 43. Kf1 Ke8 44. Rg7 Rxd4 45. Rxg6 Rd5 46. Rg7 Kf8 47. Rc7 Ra5 48. Rd7 Kg8 49. Kf2 Ra2+ 50. Ke3 Ra3+ 51. Kf4 Ra4+ 52. Ke3 Ra3+ 53. Rd3 Rxd3+ 54. Kxd3 Kf7 55. Ke4 Ke6 56. Kf4 Kf6 1/2-1/2

[Event "59th Hoogovens it"]
[Site "Wijk aan Zee NED"]
[Date "1997.02.01"]
[Round "12"]
[White "Sokolov, Ivan"]
[Black "Salov, Valery"]
[Result "0-1"]
[WhiteElo "2615"]
[BlackElo "2665"]
[EventDate "1997.01.18"]
[PlyCount "204"]

1. d4 Nf6 2. c4 e6 3. Nf3 b6 4. Nc3 Bb7 5. Bg5 Be7 6. Qc2 h6 7. Bh4 c5 8. dxc5 bxc5 9. e3 d6 10. Be2 Nbd7 11. Rd1 O-O 12. O-O a6 13. Rd2 Qc7 14. Rfd1 Rfd8 15. h3 Nf8 16. Nh2 Rd7 17. Bg3 Rad8 18. Bf3 Ng6 19. Bxb7 Qxb7 20. Nf3 d5 21. cxd5 Nxd5 22. Nxd5 Rxd5 23. b3 h5 24. Rxd5 Rxd5 25. Rxd5 exd5 26. Ne5 Nxe5 27. Bxe5 Qd7 28. Qb2 Bf8 29. h4 Qf5 30. g3 Qd3 31. Bc3 f6 32. a3 Kf7 33. b4 c4 34. Qd2 Qxd2 35. Bxd2 Ke6 36. Kf1 g5 37. g4 hxg4 38. h5 f5 39. Bc3 f4 40. a4 Bh6 41. Bd4 Bf8 42. Bc3 Kf7 43. Kg2 Bg7 44. Bxg7 Kxg7 45. b5 axb5 46. axb5 fxe3 47. fxe3 c3 48. b6 c2 49. b7 c1=Q 50. b8=Q Qc2+ 51. Kg3 Qe4 52. Qb2+ Kh7 53. Qf2 Qe6 54. Qf8 Qxe3+ 55. Kxg4 Qg1+ 56. Kh3 Qh1+ 57. Kg3 Qh4+ 58. Kg2 Qg4+ 59. Kf2 Qe6 60. Qd8 Qf5+ 61. Kg3 Qe5+ 62. Kh3 d4 63. Qb6 Qe3+ 64. Kg2 Qe4+ 65. Kf2 d3 66. Qb2 Qf4+ 67. Kg2 Qd6 68. Qb7+ Kh6 69. Qa8 Kxh5 70. Qh8+ Kg6 71. Qg8+ Kf6 72. Qh8+ Kf5 73. Qh7+ Ke5 74. Qh8+ Ke4 75. Qh7+ Ke3 76. Qf5 Qf4 77. Qc5+ Ke2 78. Qb5 Qe4+ 79. Kg1 g4 80. Qa6 g3 81. Qc6 Qe3+ 82. Kg2 d2 83. Qb5+ Qd3 84. Qh5+ Ke3 85. Qh6+ Kd4 86. Qd6+ Kc3 87. Qa3+ Kc2 88. Qa2+ Kd1 89. Qa1+ Ke2 90. Qf1+ Ke3 91. Qf3+ Kd4 92. Qf6+ Kc5 93. Qe7+ Kc4 94. Qc7+ Kb3 95. Qb6+ Kc2 96. Qc5+ Qc3 97. Qf5+ Kb2 98. Qb5+ Kc1 99. Qg5 Qc4 100. Qh6 Qd5+ 101. Kxg3 Kc2 102. Qa6 Qd3+ 0-1

[Event "59th Hoogovens it"]
[Site "Wijk aan Zee NED"]
[Date "1997.02.01"]
[Round "12"]
[White "Van Wely, Loek"]
[Black "Illescas Cordoba, Miguel"]
[Result "1-0"]
[WhiteElo "2645"]
[BlackElo "2635"]
[EventDate "1997.01.18"]
[PlyCount "129"]

1. d4 f5 2. g3 Nf6 3. Bg2 g6 4. Nf3 Bg7 5. O-O O-O 6. b4 d6 7. Bb2 Qe8 8. c4 Nc6 9. b5 Nd8 10. Nc3 Kh8 11. Re1 a6 12. a4 axb5 13. cxb5 c6 14. b6 Be6 15. a5 Nd5 16. e4 fxe4 17. Rxe4 Bf5 18. Re1 Nb4 19. Ne4 Qd7 20. Qd2 Nd5 21. Nh4 Bh3 22. Nc3 Bxg2 23. Nxg2 e6 24. Nxd5 exd5 25. Nf4 Kg8 26. Qe2 Bh6 27. Bc1 Bg7 28. Bb2 Bh6 29. Ng2 Nf7 30. f4 Rfe8 31. Qd3 Bg7 32. Bc3 Nh6 33. Rxe8+ Rxe8 34. Re1 Ra8 35. Nh4 Bf6 36. Nf3 Nf5 37. g4 Nh4 38. h3 Nxf3+ 39. Qxf3 Re8 40. Rxe8+ Qxe8 41. Kf1 Kf7 42. Qd3 Qc8 43. Ke2 c5 44. dxc5 Qxc5 45. Bd2 Ke7 46. Qb3 Bh4 47. Kd3 Bf2 48. a6 bxa6 49. b7 Qc4+ 50. Qxc4 dxc4+ 51. Kxc4 Ba7 52. Kd5 Kd7 53. Ba5 h5 54. gxh5 gxh5 55. h4 Bb8 56. Bb6 Ke7 57. Kc6 Ke6 58. Bc7 Ba7 59. b8=Q Bxb8 60. Bxb8 d5 61. Be5 a5 62. Bb2 a4 63. Kc5 Kf5 64. Kxd5 Kg4 65. f5 1-0

[Event "59th Hoogovens it"]
[Site "Wijk aan Zee NED"]
[Date "1997.02.02"]
[Round "13"]
[White "Illescas Cordoba, Miguel"]
[Black "Short, Nigel David"]
[Result "1/2-1/2"]
[WhiteElo "2635"]
[BlackElo "2690"]
[EventDate "1997.01.18"]
[PlyCount "87"]

1. d4 Nf6 2. c4 e6 3. Nc3 Bb4 4. e3 O-O 5. Bd3 d5 6. Nf3 dxc4 7. Bxc4 c5 8. O-O cxd4 9. exd4 b6 10. Bg5 Bb7 11. Rc1 Bxc3 12. Rxc3 Nc6 13. a3 Rc8 14. Ba2 Ne7 15. Rxc8 Qxc8 16. Bxf6 gxf6 17. Re1 Rd8 18. Nh4 Ng6 19. Qg4 f5 20. Nxg6 hxg6 21. Qf4 Qd7 22. Rd1 Bd5 23. Bxd5 Qxd5 24. h4 e5 25. Qg5 exd4 26. h5 Qd6 27. Re1 Rc8 28. hxg6 fxg6 29. g3 d3 30. Rd1 Kf7 31. Qh6 Re8 32. Qd2 Qd4 33. Qh6 Re2 34. Qh7+ Kf8 35. Qh6+ Ke7 36. Qh7+ Kd8 37. Qg8+ Kc7 38. Rc1+ Rc2 39. Rf1 Rxf2 40. Rxf2 d2 41. Qf7+ Kb8 42. Qe8+ Kb7 43. Qe7+ Kb8 44. Qe8+ 1/2-1/2

[Event "59th Hoogovens it"]
[Site "Wijk aan Zee NED"]
[Date "1997.02.02"]
[Round "13"]
[White "Nikolic, Predrag"]
[Black "Sokolov, Ivan"]
[Result "1/2-1/2"]
[WhiteElo "2655"]
[BlackElo "2615"]
[EventDate "1997.01.18"]
[PlyCount "102"]

1. d4 Nf6 2. Nf3 c5 3. d5 b5 4. a4 b4 5. Bg5 d6 6. e3 g6 7. Bxf6 exf6 8. Bb5+ Nd7 9. c3 bxc3 10. Nxc3 f5 11. O-O Bg7 12. Bc6 Rb8 13. Nb5 O-O 14. Nxd6 Ba6 15. Nb5 Nf6 16. Qc1 Qb6 17. Nd2 Rbd8 18. Nc4 Qb8 19. Rd1 Bc8 20. d6 Be6 21. h3 a6 22. Nc7 Rxd6 23. Nxd6 Qxc7 24. Bf3 Rb8 25. Rd2 Rb4 26. a5 h5 27. Qc2 Ne4 28. Ne8 Qe7 29. Nxg7 Nxd2 30. Qxd2 Kxg7 31. Rc1 c4 32. Bd5 Bxd5 33. Qxd5 Qe4 34. Qc5 Rb5 35. Qc7 Qe5 36. Rxc4 Qxb2 37. Rc5 Qa1+ 38. Kh2 Rb1 39. Qe7 Rh1+ 40. Kg3 Rc1 41. Rd5 Rc6 42. Rd8 Qf6 43. Qe8 Kh6 44. Rd7 Re6 45. Qf8+ Qg7 46. Qxg7+ Kxg7 47. Ra7 Kf6 48. h4 Rc6 49. Kf3 Kg7 50. g3 Re6 51. Ra8 Kh7 1/2-1/2

[Event "59th Hoogovens it"]
[Site "Wijk aan Zee NED"]
[Date "1997.02.02"]
[Round "13"]
[White "Onischuk, Alexander"]
[Black "Van Wely, Loek"]
[Result "1-0"]
[WhiteElo "2580"]
[BlackElo "2645"]
[EventDate "1997.01.18"]
[PlyCount "101"]

1. e4 c5 2. Nf3 d6 3. d4 cxd4 4. Nxd4 Nf6 5. Nc3 a6 6. f4 e6 7. Qf3 Qb6 8. a3 Nc6 9. Nb3 Qc7 10. g4 b5 11. g5 Nd7 12. Bd3 g6 13. Be3 Bg7 14. h4 b4 15. Na4 bxa3 16. Rxa3 Nb4 17. Qe2 Bb7 18. O-O O-O 19. Bd2 a5 20. Bc3 d5 21. Bxg7 Kxg7 22. e5 Bc6 23. Nc3 Qb6+ 24. Qf2 Qxf2+ 25. Rxf2 a4 26. Nd4 Nc5 27. Na2 Nxa2 28. Rxa2 Bd7 29. Rh2 Rab8 30. Kf2 Rb6 31. Ke3 Rfb8 32. c3 Bc8 33. Rc2 Ba6 34. Bxa6 Rxa6 35. c4 Rd8 36. Ra3 Rb6 37. Rac3 Ne4 38. c5 Rbb8 39. Ra3 Rdc8 40. c6 Rb4 41. b3 axb3 42. Rxb3 Ra4 43. Rb7 Ra3+ 44. Ke2 Ng3+ 45. Kf2 Nf5 46. Nxe6+ Kg8 47. Nc7 d4 48. Rcb2 Kg7 49. Ne6+ Kg8 50. Rb8 Ra8 51. c7 1-0